000 00422nam a2200145 a 4500
001 000040629
005 20201002034249.0
008 130904s2010 sp 000 0 spa d
020 _a9788498167337
040 _aDO-SdBNP
_bspa
_cBNPHU
100 1 _aBarros Arana, Diego
_966979
245 1 0 _aHistoria General de Chile 1 /
_cDiego Barros Arana.
260 _aBarcelona ; :
_bRed Ediciones,
_c2010.
300 _a533 p. ;
_c22 cm.
999 _c40119
_d40119